00440nam a2200157Ia 4500082002300000100001700023245004200040260004100082300001000123504001900133650002700152650001900179650002600198650002800224650003000252 a305.51209542 SAN-; aSanwal, R.D. 0aSocial stratification in rural Kumaon aDelhibOxford University Pressc1976 a213p. aIncludes index aSocial status - Kumaon aCaste - Kumaon aSocial stratification aSocial classes - Kumaon aKumaon - Rural conditions